Vista normal
Vista MARC
Entrada Nombre corporativo
Número de registros utilizados en: 7
001 - NÚMERO DE CONTROL
- Campo de control: 5086
003 - IDENTIFICADOR DE NÚMERO DE CONTROL
- Campo de control: ES-MaCES
005 - FECHA Y HORA DE LA ULTIMA MODIFICACION
- Campo de control: 20010716101900.0
008 - ELEMENTOS DE DATOS DE LONGITUD FIJA
- Campo de longitud fija: 990507 | azznnaabn || ana d
035 ## - NÚMERO DE CONTROL DEL SISTEMA
- Número de control del sistema: CES19990002989e
040 ## - FUENTE DE LA CATALOGACIÓN
- Agencia original de catalogación: ES-MaCES
- Idioma de catalogación: spa
- Agencia de transcripción: ES-MaCES
110 2# - ENCABEZAMIENTO--NOMBRE CORPORATIVO
- Nombre corporativo o de jurisdicción como elemento de entrada: Unión de Asociaciones Familiares
410 2# - TRAZADO VEÁSE--NOMBRE CORPORATIVO
- Nombre corporativo o de jurisdicción como elemento de entrada: UNAF
670 ## - FUENTE DE DATOS ENCONTRADOS
- Fuente de citación: www.unaf.org
- Información encontrada: No seguimos la normalización de la Biblioteca Nacional sino la de la propia entidad
901 ## - CES. DATOS SIRTEX
- ID Sirtex (N5N8): 0001800003513
- 005BIS Sirtex: 199905071036SROSILLO

